MARC details
| 000 -LÍDER |
| campo de controle de tamanho fixo |
01573naa a22003377a 4500 |
| 001 - NÚMERO DE CONTROLE |
| campo de controle |
BR8400297 |
| 003 - IDENTIFICADOR DO NÚMERO DE CONTROLE |
| campo de controle |
BR-BrBNA |
| 005 - DATA E HORÁRIO DA ÚLTIMA TRANSAÇÃO |
| campo de controle |
20240918175411.0 |
| 007 - CAMPO FIXO DE DESCRIÇÃO FÍSICA--INFORMAÇÃO GERAL |
| campo de controle de tamanho fixo |
ta |
| 008 - CAMPO DE DADOS FIXOS--INFORMAÇÃO GERAL |
| campo de controle de tamanho fixo |
230509b bl.||||| |||| 00| 0 por d |
| 040 ## - FONTE DA CATALOGAÇÃO |
| Instituição da catalogação original |
BR-BrBNA |
| Idioma da catalogação |
por |
| Instituição que transcreveu o registro |
Biblioteca Nacional de Agricultura |
| 041 ## - CÓDIGO DE IDIOMA |
| Código do idioma do texto/trilha sonora ou título diferente |
(Pt) |
| 072 ## - CÓDIGO DE CATEGORIA DE ASSUNTO |
| Código de Categoria de Assunto |
H20 |
| Código do objeto |
0336 |
| -- |
4120 |
| -- |
4110 |
| -- |
G514 |
| 090 ## - NÚMERO DE CHAMADA LOCAL |
| Número de chamada |
H20 BR8400297 |
| 100 1# - ENTRADA PRINCIPAL--NOME PESSOAL |
| Nome pessoal |
Casela, C.R. |
| 100 1# - ENTRADA PRINCIPAL--NOME PESSOAL |
| Nome pessoal |
Gastal, M.F. da C. |
| 245 1# - TÍTULO |
| Título |
Observacoes quanto a incidencia de molestias na cultura da soja (Glycine max (L.)Merrill)no ano agricola 1980/81 [mancha parda, Septoria glycines, mildio, Peronospora manshurica, crestamento, Pseudomonas glycinea, pustula bacteriana, Xantomonas glycines, Rio Grande do Sul, Brasil] |
| 246 1# - FORMA VARIANTE DO TÍTULO |
| Título/título abreviado |
[Observation concerning incidence of diseases in soybean crop (Glycine max (L.)Merrill)in the agricultural year 1980/81 [brown spot, Septoria glycines, mildew, Peronospora manshurica, scorch, Pseudomonas glycinea, bacterial pustule, Xantomonas glycines, Rio Grande do Sul, Brazil]] |
| 246 1# - FORMA VARIANTE DO TÍTULO |
| Título/título abreviado |
[Soybean research findings 1980/81] |
| 260 3# - PUBLICAÇÃO, DISTRIBUIÇÃO, ETC. |
| Local de publicação, distribuição, etc. |
Pelotas, RS (Brasil): |
| Data da publicação, distribuição, etc. |
1983. |
| 500 ## - NOTA GERAL |
| Nota geral |
Resultados de pesquisa de soja 1980/81<br/>Pelotas, RS (Brasil): 1983. p. 65-67<br/>(BR8400297-AM)H20<br/> |
| 650 ## - ASSUNTO--TERMO TÓPICO |
| Cabeçalho tópico ou nome geográfico |
SOJA |
| 650 ## - ASSUNTO--TERMO TÓPICO |
| Cabeçalho tópico ou nome geográfico |
MANCHA PARDA |
| 650 ## - ASSUNTO--TERMO TÓPICO |
| Cabeçalho tópico ou nome geográfico |
MILDIO |
| 650 ## - ASSUNTO--TERMO TÓPICO |
| Cabeçalho tópico ou nome geográfico |
CRESTAMENTO |
| 650 ## - ASSUNTO--TERMO TÓPICO |
| Cabeçalho tópico ou nome geográfico |
PUSTULA BACTERIANA |
| 650 ## - ASSUNTO--TERMO TÓPICO |
| Cabeçalho tópico ou nome geográfico |
RIO GRANDE DO SUL |
| 773 0# - ENTRADA ANALÍTICA |
| Título |
Resultados de pesquisa de soja 1980/81 |
| Número de controle do registro |
H20 BR8400297 |
| Partes relacionadas |
Pelotas, RS (Brasil), 1983. p. 65-67 |
| 909 ## - |
| -- |
202404 |
| -- |
Lucia |
| -- |
55 |
| -- |
Lucia Elande |
| 942 ## - ELEMENTOS DE ENTRADA ADICIONADOS (KOHA) |
| Tipo de material Koha |
Capítulo-Livro |
| Fonte da classificação ou esquema de arquivamento na estante |
Classificação AGRIS |